| 000 | nam a22 a 4500 | ||
|---|---|---|---|
| 999 |
_c3870 _d3870 |
||
| 003 | AKMAL | ||
| 005 | 20170524114121.0 | ||
| 008 | 170524s2000 my 00 may d | ||
| 020 |
_a9676110507 (kkt.): _cRM7.20 |
||
| 040 | _aAKMAL | ||
| 090 | 0 | 0 | _dM |
| 090 | 1 | 0 |
_bTOM _dK |
| 100 | 0 |
_aTomi Jefri, _d1973- _97645 |
|
| 245 | 1 | 0 |
_aPuaka Segi Tiga Bermuda / _cTomi Jefri |
| 260 |
_aKuala Lumpur : _bUtusan Publications & Distributors, _c2000 |
||
| 300 | 0 | 0 |
_a71ms. : _bil. ; _c18cm |
| 650 | 0 |
_aAdventure stories, Malay _97646 |
|
| 650 | 0 |
_aDetective and mystery stories, Malay _97647 |
|
| 650 | 0 |
_aMalay fiction _92141 |
|
| 942 |
_2ddc _cBOOK |
||